<?xml version="1.0" encoding="UTF-8"?>
<record
    xmlns:xsi="http://www.w3.org/2001/XMLSchema-instance"
    xsi:schemaLocation="http://www.loc.gov/MARC21/slim http://www.loc.gov/standards/marcxml/schema/MARC21slim.xsd"
    xmlns="http://www.loc.gov/MARC21/slim">

  <leader>00422nam a22001457a 4500</leader>
  <controlfield tag="005">20260119160810.0</controlfield>
  <controlfield tag="008">260119b        |||||||| |||| 00| 0 eng d</controlfield>
  <datafield tag="020" ind1=" " ind2=" ">
    <subfield code="a">978-9966-46-740-9</subfield>
  </datafield>
  <datafield tag="100" ind1=" " ind2=" ">
    <subfield code="a">NGAROGA, JOSEPH M.</subfield>
  </datafield>
  <datafield tag="245" ind1=" " ind2=" ">
    <subfield code="a">EDUCATION FOR PRIMARY TEACHER EDUCATION</subfield>
  </datafield>
  <datafield tag="260" ind1=" " ind2=" ">
    <subfield code="a">NAIROBI</subfield>
    <subfield code="b">EAST AFRICAN EDUCATIONAL PUBLISHERS</subfield>
    <subfield code="c">2006</subfield>
  </datafield>
  <datafield tag="300" ind1=" " ind2=" ">
    <subfield code="a">IX, 436P.</subfield>
  </datafield>
  <datafield tag="650" ind1=" " ind2=" ">
    <subfield code="a">1. EDUCATION, ELEMENTARY</subfield>
  </datafield>
  <datafield tag="942" ind1=" " ind2=" ">
    <subfield code="2">lcc</subfield>
    <subfield code="c">BK</subfield>
  </datafield>
  <datafield tag="999" ind1=" " ind2=" ">
    <subfield code="c">216486</subfield>
    <subfield code="d">216486</subfield>
  </datafield>
  <datafield tag="952" ind1=" " ind2=" ">
    <subfield code="0">0</subfield>
    <subfield code="1">0</subfield>
    <subfield code="2">lcc</subfield>
    <subfield code="4">0</subfield>
    <subfield code="6">LB1727 N463  02006</subfield>
    <subfield code="7">0</subfield>
    <subfield code="8">ARTS</subfield>
    <subfield code="9">374684</subfield>
    <subfield code="a">KSUL</subfield>
    <subfield code="b">KSUL</subfield>
    <subfield code="c">DISPLAY</subfield>
    <subfield code="d">2026-01-19</subfield>
    <subfield code="i">110911</subfield>
    <subfield code="l">0</subfield>
    <subfield code="o">LB 1727 .N 463 2006</subfield>
    <subfield code="p">000000024991</subfield>
    <subfield code="r">2026-01-19 16:12:30</subfield>
    <subfield code="t">C.1</subfield>
    <subfield code="w">2026-01-19</subfield>
    <subfield code="y">BK</subfield>
  </datafield>
  <datafield tag="952" ind1=" " ind2=" ">
    <subfield code="0">0</subfield>
    <subfield code="1">0</subfield>
    <subfield code="2">lcc</subfield>
    <subfield code="4">0</subfield>
    <subfield code="6">LB1727 N463  02006</subfield>
    <subfield code="7">0</subfield>
    <subfield code="8">ARTS</subfield>
    <subfield code="9">374685</subfield>
    <subfield code="a">KSUL</subfield>
    <subfield code="b">KSUL</subfield>
    <subfield code="c">DISPLAY</subfield>
    <subfield code="d">2026-01-19</subfield>
    <subfield code="i">110912</subfield>
    <subfield code="l">0</subfield>
    <subfield code="o">LB 1727 .N 463 2006</subfield>
    <subfield code="p">000000024992</subfield>
    <subfield code="r">2026-01-19 16:12:00</subfield>
    <subfield code="t">C.2</subfield>
    <subfield code="w">2026-01-19</subfield>
    <subfield code="y">BK</subfield>
  </datafield>
  <datafield tag="952" ind1=" " ind2=" ">
    <subfield code="0">0</subfield>
    <subfield code="1">0</subfield>
    <subfield code="2">lcc</subfield>
    <subfield code="4">0</subfield>
    <subfield code="6">LB1727 N463  02006</subfield>
    <subfield code="7">0</subfield>
    <subfield code="8">ARTS</subfield>
    <subfield code="9">374686</subfield>
    <subfield code="a">KSUL</subfield>
    <subfield code="b">KSUL</subfield>
    <subfield code="c">DISPLAY</subfield>
    <subfield code="d">2026-01-19</subfield>
    <subfield code="i">110913</subfield>
    <subfield code="l">0</subfield>
    <subfield code="o">LB 1727 .N 463 2006</subfield>
    <subfield code="p">000000024993</subfield>
    <subfield code="r">2026-01-19 16:12:00</subfield>
    <subfield code="t">C.3</subfield>
    <subfield code="w">2026-01-19</subfield>
    <subfield code="y">BK</subfield>
  </datafield>
  <datafield tag="952" ind1=" " ind2=" ">
    <subfield code="0">0</subfield>
    <subfield code="1">0</subfield>
    <subfield code="2">lcc</subfield>
    <subfield code="4">0</subfield>
    <subfield code="6">LB1727 N463  02006</subfield>
    <subfield code="7">0</subfield>
    <subfield code="8">ARTS</subfield>
    <subfield code="9">374687</subfield>
    <subfield code="a">KSUL</subfield>
    <subfield code="b">KSUL</subfield>
    <subfield code="c">DISPLAY</subfield>
    <subfield code="d">2026-01-19</subfield>
    <subfield code="i">110914</subfield>
    <subfield code="l">0</subfield>
    <subfield code="o">LB 1727 .N 463 2006</subfield>
    <subfield code="p">000000024994</subfield>
    <subfield code="r">2026-01-19 16:12:00</subfield>
    <subfield code="t">C.4</subfield>
    <subfield code="w">2026-01-19</subfield>
    <subfield code="y">BK</subfield>
  </datafield>
</record>
